Statistiques concernant Les 7 jours de la semaine en 15 secondes

Cliquez ici pour prendre le quiz!

Statistiques générales

  • Ce quiz a été pris 4 949 fois
  • Le résultat moyen est 6 sur 7

Statistiques - réponses

Réponse% Correct
Lundi
99%
Mardi
96%
Mercredi
90%
Jeudi
88%
Vendredi
81%
Samedi
75%
Dimanche
67%

Distribution des résultats

Percentile par nombre de réponses

% des personnes avec chaque résultat

Votre développement - résultats

Vous n’avez pas pris ce quiz